Soldier : (Record no. 619586)

MARC details
000 -LEADER
fixed length control field 00493nam a2200193 a 4500
008 - FIXED-LENGTH DATA ELEMENTS--GENERAL INFORMATION
fixed length control field 260416s2008##################000#0#eng##
020 ## - INTERNATIONAL STANDARD BOOK NUMBER
ISBN 9780552156028
082 04 - DEWEY DECIMAL CLASSIFICATION NUMBER
Classification number 355.331092
Item number JAC
100 1# - MAIN ENTRY--AUTHOR NAME
Personal name Jackson, Mike,
245 10 - TITLE STATEMENT
Title Soldier :
260 ## - PUBLICATION, DISTRIBUTION, ETC. (IMPRINT)
Name of publisher Random House,
Year of publication 2008.
300 ## - PHYSICAL DESCRIPTION
Number of Pages 531 pages
650 #0 - SUBJECT ADDED ENTRY--TOPICAL TERM
Topical Term Biography & Autobiography.
942 ## - ADDED ENTRY ELEMENTS (KOHA)
Koha item type English Books

No items available.

Find us on the map